[Event "POL-ch U20"]
[Site "Chotowa"]
[Date "2023.10.25"]
[Round "3"]
[White "Labedz, Dawid"]
[Black "Lis, Maksymilian"]
[Result "1/2-1/2"]
[WhiteElo "1579"]
[BlackElo "1937"]
[PlyCount "114"]
[EventDate "2023.10.24"]
[EventType "swiss"]
[EventRounds "9"]
[EventCountry "POL"]
[SourceTitle "Mega2024 Update 01"]
[Source "Chessbase"]
[SourceDate "2023.11.12"]
[SourceVersion "1"]
[SourceVersionDate "2023.11.12"]
[SourceQuality "1"]

1. e4 c6 2. c4 d5 3. cxd5 cxd5 4. exd5 Nf6 5. Nc3 Nbd7 6. d6 exd6 7. d4 Be7 8. Nf3 0-0 9. Bd3 Nb6 10. h3 Be6 11. 0-0 h6 12. Bf4 Rc8 13. Rc1 Nfd5 14. Nxd5 Nxd5 15. Bd2 Rxc1 16. Qxc1 Nf6 17. Re1 Re8 18. Bb1 Bf8 19. Qc2 Bd5 20. Rxe8 Qxe8 21. Nh2 g6 22. Qc1 Qe2 23. Nf1 Ne4 24. Qe1 Qxe1 25. Bxe1 Bg7 26. Ne3 Nf6 27. Nxd5 Nxd5 28. Bc3 Nf4 29. Be4 b6 30. Kf1 Ne6 31. d5 Ng5 32. Bc2 Bxc3 33. bxc3 Kg7 34. Ke2 Kf6 35. f4 Nh7 36. Ke3 Nf8 37. Ba4 g5 38. g3 Ng6 39. Bb5 gxf4+ 40. gxf4 Ne7 41. Bc4 Kg6 42. Ke4 Kh5 43. Kf3 Kh4 44. Bf1 Nxd5 45. Bc4 Nxc3 46. Bxf7 d5 47. Ke3 Kxh3 48. Kd4 Ne2+ 49. Ke5 Kg4 50. Be6+ Kh5 51. Bf7+ Kh4 52. Bxd5 Kg4 53. Be6+ Kh5 54. Bf7+ Kg4 55. Be6+ Kh5 56. Bf7+ Kg4 57. Be6+ Kh5 1/2-1/2

[Event "POL-ch U17 Qual"]
[Site "Jastrzebia Gora"]
[Date "2021.11.18"]
[Round "6"]
[White "Labedz, Dawid"]
[Black "Haliniak, Wojciech"]
[Result "0-1"]
[WhiteElo "1542"]
[BlackElo "1827"]
[PlyCount "134"]
[EventDate "2021.11.15"]
[EventType "swiss"]
[EventRounds "9"]
[EventCountry "POL"]
[SourceTitle "EXT 2023"]
[Source "ChessBase"]
[SourceDate "2022.10.05"]
[SourceVersion "1"]
[SourceVersionDate "2022.10.05"]
[SourceQuality "1"]

1. e4 Nf6 2. e5 Nd5 3. c4 Nb6 4. d4 d6 5. exd6 cxd6 6. Nc3 g6 7. Be3 Bg7 8. Rc1 0-0 9. b3 Bf5 10. Bd3 Bxd3 11. Qxd3 a5 12. Nf3 e6 13. d5 e5 14. Qd2 Na6 15. Bh6 Nc5 16. Bxg7 Kxg7 17. 0-0 f5 18. Nb5 f4 19. Qc2 g5 20. Nd2 g4 21. f3 g3 22. h3 Rf6 23. a3 Rh6 24. Ne4 Nxe4 25. Qxe4 Qd7 26. Rfd1 Nc8 27. Kf1 b6 28. Ra1 Ne7 29. Rd3 Rxh3 30. Ke2 Rh2 31. Rg1 Kf6 32. Kd1 Nf5 33. Kc1 Ne3 34. Rxe3 fxe3 35. Qxe3 a4 36. Qxb6 axb3 37. Nc3 Rxa3 38. Kb2 Ra7 39. Ne4+ Ke7 40. c5 Ra2+ 41. Kc3 b2 42. cxd6+ Kf7 43. Qc7 Ra7 44. Qxd7+ Rxd7 45. Kxb2 h5 46. Kc3 h4 47. Kc4 Ra7 48. Ng5+ Ke8 49. Kd3 Ra2 50. Re1 Rhxg2 51. Rxe5+ Kd7 52. Ne4 Ra3+ 53. Kd4 Ra4+ 54. Kd3 Rxe4 55. fxe4 Kxd6 56. Re6+ Kd7 57. Ke3 h3 58. Rh6 h2 59. e5 Rg1 60. Rh7+ Kd8 61. Rh8+ Ke7 62. Rh7+ Kf8 63. d6 h1Q 64. d7 Re1+ 65. Kf4 Qe4+ 66. Kxg3 Rg1+ 67. Kf2 Rg2+ 0-1